Normal view
MARC view
- Ibrahim Bachek,
Entry Personal Name
001 - CONTROL NUMBER
- control field: 7801
003 - CONTROL NUMBER IDENTIFIER
- control field: OSt
005 - DATE AND TIME OF LATEST TRANSACTION
- control field: 20170524142550.0
008 - FIXED-LENGTH DATA ELEMENTS
- fixed length control field: 170524|| aca||aabn | a|a d
040 ## - CATALOGING SOURCE
- Original cataloging agency: OSt
- Transcribing agency: OSt
100 ## - HEADING--PERSONAL NAME
- Personal name: Ibrahim Bachek,
- Titles and other words associated with a name: Datuk
670 ## - SOURCE DATA FOUND
- Source citation: Work cat.: (OSt)0: Ibrahim Bachek, Datuk, Koleksi lagu-lagu pilihan Datuk Ibrahim Bachek / [penulis Datuk Ibrahim Bachek], 2008

PORTAL AKMAL
E-MEL JKDM
AKMAL2U
G-BAM
u-PUSTAKA